<?xml version="1.0" encoding="UTF-8"?>
<collection xmlns:xsi="http://www.w3.org/2001/XMLSchema-instance" xsi:schemaLocation="http://www.loc.gov/MARC21/slim http://www.loc.gov/standards/marcxml/schema/MARC21slim.xsd" xmlns="http://www.loc.gov/MARC21/slim">
 <record>
  <leader>00000nam a22000004a 4500</leader>
  <controlfield tag="001">UP-8027390931316529789</controlfield>
  <controlfield tag="003">Buklod</controlfield>
  <controlfield tag="005">20251030124411.0</controlfield>
  <controlfield tag="006">m    |o  d |      </controlfield>
  <controlfield tag="007">ta</controlfield>
  <controlfield tag="008">251023s2022    xxu     r    |||| u|eng d</controlfield>
  <datafield tag="040" ind1="0" ind2=" ">
   <subfield code="a">DLS</subfield>
   <subfield code="e">rda</subfield>
  </datafield>
  <datafield tag="041" ind1="0" ind2=" ">
   <subfield code="a">eng</subfield>
  </datafield>
  <datafield tag="090" ind1="0" ind2="0">
   <subfield code="a">LG 993.5 2022 L4 </subfield>
   <subfield code="b">A23</subfield>
  </datafield>
  <datafield tag="100" ind1="0" ind2=" ">
   <subfield code="a">Abad, Einor John Godfrey L. </subfield>
   <subfield code="e">author.</subfield>
  </datafield>
  <datafield tag="245" ind1="0" ind2="0">
   <subfield code="a">Sense-making in the time of COVID-19: a study on the information needs of patients at the moment of confirmation</subfield>
   <subfield code="c">Einor John Godfrey L. Abad ; Kathleen Lourdes B. Obille, adviser.</subfield>
  </datafield>
  <datafield tag="264" ind1=" " ind2="0">
   <subfield code="a">Quezon City</subfield>
   <subfield code="b">School of Library and Information Studies, University of the Philippines Diliman</subfield>
   <subfield code="c">2022.</subfield>
  </datafield>
  <datafield tag="300" ind1=" " ind2=" ">
   <subfield code="a">xiv, 131 leaves</subfield>
   <subfield code="b">color illustrations</subfield>
   <subfield code="c">28 cm.</subfield>
  </datafield>
  <datafield tag="336" ind1=" " ind2=" ">
   <subfield code="a">text</subfield>
   <subfield code="2">rdacontent</subfield>
  </datafield>
  <datafield tag="337" ind1=" " ind2=" ">
   <subfield code="a">unmediated</subfield>
   <subfield code="2">rdamedia</subfield>
  </datafield>
  <datafield tag="338" ind1=" " ind2=" ">
   <subfield code="a">volume</subfield>
   <subfield code="2">rdacarrier</subfield>
  </datafield>
  <datafield tag="502" ind1=" " ind2=" ">
   <subfield code="a">Thesis</subfield>
   <subfield code="b">Bachelor of Library and Information Science</subfield>
   <subfield code="c">University of the Philippines Diliman</subfield>
   <subfield code="d">June 2022.</subfield>
  </datafield>
  <datafield tag="520" ind1="0" ind2=" ">
   <subfield code="a">With the emergence of a global pandemic, this study aimed to find out how patients made sense of their situation upon finding out that they were positive for Covid-19. This study is heavily influenced by the sense-making model of Brenda Dervin, which divides the sense-making process of an individual into three main. components: the situation, Gap, and Use. Through these three parts, the study was able to find out the information needs and seeking strategies of Covid-19 patients. &#13;
&#13;
This study made use of descriptive qualitative research design and collected data from respondents through semi-structured, open-ended, and in-depth interviews, The respondents of the study were previous Covid – 19 patients who were of legal age and have since recovered from the disease. To analyze their data, the study made use of a thematic analysis, which highlighted the main concepts that were collected from the interviews.&#13;
&#13;
The results of the study show that the individual situations of the respondents play a key role in their information needs, and thus their way of seeking information. Respondents have varied concerns, questions, or gaps, depending on the situation that they were facing Covid- 19 patients are finally able to make sense of their experience one they have find useful information that has helped them in answering the concerns and questions that they initially had in mind. &#13;
</subfield>
  </datafield>
  <datafield tag="650" ind1="0" ind2="0">
   <subfield code="a">Information behavior.</subfield>
  </datafield>
  <datafield tag="650" ind1="0" ind2="0">
   <subfield code="a">COVID-19 (Disease) </subfield>
   <subfield code="x">Patients.</subfield>
  </datafield>
  <datafield tag="700" ind1="0" ind2=" ">
   <subfield code="a">Obille, Kathleen Lourdes B. </subfield>
   <subfield code="e">adviser.</subfield>
  </datafield>
  <datafield tag="856" ind1="0" ind2="0">
   <subfield code="y">click here to access</subfield>
   <subfield code="u">https://digitalarchives.upd.edu.ph/item/56601</subfield>
  </datafield>
  <datafield tag="905" ind1=" " ind2=" ">
   <subfield code="a">FI</subfield>
   <subfield code="a">UP</subfield>
  </datafield>
  <datafield tag="852" ind1="0" ind2=" ">
   <subfield code="a">UPD</subfield>
   <subfield code="b">DLS</subfield>
   <subfield code="h">LG 993.5 2022 L4</subfield>
   <subfield code="i">A23</subfield>
  </datafield>
  <datafield tag="942" ind1=" " ind2=" ">
   <subfield code="a">Thesis</subfield>
  </datafield>
 </record>
</collection>
